000 00762cab a2200193 4500
001 ABS54296
008 090401t1996 xxu||||| |||| 00| 0 eng d
035 _a(Sirsi) u9631
041 _aeng
245 _aEstates Times survey: relocation
260 _c1996
350 _a0
490 _aEstates Times
_v(13080 19 January 1996, 9-15(5)
520 _aAssesses the popularity of the Thames Valley, the exodus of firms from London assisted by modern technology, the decision by London Electricity to relocate to Doxford in Sunderland, financial incentives attracting companies to Scotland concluding with comments from agents.
650 _aRELOCATION
690 _aPROPERTY-COMMERCIAL PROPERTY-COMMERCIAL PROPERTY MARKET
942 _n0
948 _c04/03/1997
999 _c6041
_d6041